000 00280nam a22001217a 4500
008 180131b xxu||||| |||| 00| 0 eng d
041 _aeng
080 _a37
100 _a47
101 _aEDU
245 _aA report on children in poverty poor kids
_cSchorr,A.L
942 _2udc
_cBK
999 _c41374
_d41374